书目信息 |
| 题名: |
如何理解心理学
|
|
| 作者: | 迪恩斯 著 ;孙里宁 译 | |
| 分册: | ||
| 出版信息: | 上海 华东师范大学出版社 2018 |
|
| 页数: | 228页 | |
| 开本: | 23cm | |
| 丛书名: | ||
| 单 册: | ||
| 中图分类: | B841.2 | |
| 科图分类: | ||
| 主题词: | 心理统计 | |
| 电子资源: | ||
| ISBN: | 978-7-5675-7215-7 | |
| 000 | 01687nam0 2200277 450 | |
| 001 | 7176 | |
| 005 | 20180605095931.63 | |
| 010 | @a978-7-5675-7215-7@dCNY38.00 | |
| 100 | @a20180412d2018 em y0chiy50 ea | |
| 101 | 1 | @achi@ceng |
| 102 | @aCN@b310000 | |
| 105 | @aa az 000yy | |
| 200 | 1 | @a如何理解心理学@9ru he li jie xin li xue@e科学推断与统计推断@dUnderstanding psychology as a science@ean introduction to scientific and statistical inference@f卓顿·迪恩斯(Zoltan Dienes)著@g孙里宁译@zeng |
| 210 | @a上海@c华东师范大学出版社@d2018 | |
| 215 | @a228页@c图@d23cm | |
| 314 | @a卓顿·迪恩斯 (Zoltan Dienes),英国萨塞克斯大学的心理学教授。他1984年毕业于英国剑桥大学,获得学士学位;后于牛津大学攻读实验心理学,并于1990年获得博士学位。 | |
| 320 | @a有书目(第221-224页) | |
| 330 | @a本书重点讨论了包含统计推断的基本概念在内的科学哲学问题。这些问题对于心理学的研究实践有直接的影响。本书的第1章和第2章以心理学工作者容易理解的方式,讨论了经典的科学哲学问题,避免了常规教科书式的描述,帮助读者理解这些作者的思想深度。第3章探讨了奈曼-皮尔逊方法,这是每一本心理学专业教科书中统计方法的逻辑基础。第4章讨论了贝叶斯推断的逻辑,它在许多基本问题上与奈曼-皮尔逊方法针锋相对。最后,第5章介绍了统计推论的第三大流派——似然推断,向读者展示了如何在实践中使用似然推断,以及它怎样推导出与其他学派不同的研究结论。 | |
| 510 | 1 | @aUnderstanding psychology as a science@ean introduction to scientific and statistical inference@zeng |
| 517 | 1 | @a科学推断与统计推断@9ke xue tui duan yu tong ji tui duan |
| 606 | 0 | @a心理统计 |
| 690 | @aB841.2@v5 | |
| 701 | 0 | @c(英)@a迪恩斯@9di en si@c(Dienes, Zoltan)@4著 |
| 702 | 0 | @a孙里宁@9sun li ning@4译 |
| 801 | 0 | @aCN@b91MARC@c20180412 |
| 905 | @aMuseLib@dB841.2@e2397 | |
| 如何理解心理学:科学推断与统计推断=Understanding psychology as a science:an introduction to scientific and statistical inference/卓顿·迪恩斯(Zoltan Dienes)著/孙里宁译.-上海:华东师范大学出版社,2018 |
| 228页:图;23cm |
| ISBN 978-7-5675-7215-7:CNY38.00 |
| 本书重点讨论了包含统计推断的基本概念在内的科学哲学问题。这些问题对于心理学的研究实践有直接的影响。本书的第1章和第2章以心理学工作者容易理解的方式,讨论了经典的科学哲学问题,避免了常规教科书式的描述,帮助读者理解这些作者的思想深度。第3章探讨了奈曼-皮尔逊方法,这是每一本心理学专业教科书中统计方法的逻辑基础。第4章讨论了贝叶斯推断的逻辑,它在许多基本问题上与奈曼-皮尔逊方法针锋相对。最后,第5章介绍了统计推论的第三大流派——似然推断,向读者展示了如何在实践中使用似然推断,以及它怎样推导出与其他学派不同的研究结论。 |
| ● |
| 相关链接 |
|
|
|
|
正题名:如何理解心理学
索取号:B841.2/2397
 
预约/预借
| 序号 | 登录号 | 条形码 | 馆藏地/架位号 | 状态 | 备注 |
| 1 | 1116769 | 211167690 | 第一样本阅览室/ [索取号:B841.2/2397] | 在馆 | |
| 2 | 1116770 | 211167707 | 教育系资料室/ [索取号:B841.2/2397] | 在馆 | |
| 3 | 1116771 | 211167716 | 教育系资料室/ [索取号:B841.2/2397] | 在馆 | |
| 4 | 1116772 | 211167725 | 第一借阅区/ [索取号:B841.2/2397] | 在馆 |